000 00550nam a22001817a 4500
999 _c182945
_d182945
005 20211210154553.0
010 _aB-159075
020 _a9788176489294
_c895.00
035 _aB-159075
037 _bBPPD/PUB
082 _a660.6 BAN
100 _aBenerjee,Meenakshi
245 _aBiotechnology :
_ba glossary /
_cby Meenkshi Banerjee
260 _aNew Delhi
_bA.P.H. Publishing Corporation
_c2005
270 _akulbhushan Nangia
_b5,Ansari Road,Daryaganj
_e110002
300 _aviii,337p.
_c27cm.
942 _2ddc
_cEN
_h060.6
_mBAN